Central Library OPAC University of Rajshahi

Rocks and rock minerals / (Record no. 11391)

MARC details
000 -LEADER
fixed length control field 00796cam a22002771 4500
001 - CONTROL NUMBER
control field 11391
003 - CONTROL NUMBER IDENTIFIER
rucl marc code BD-RjUL
005 - DATE AND TIME OF LATEST TRANSACTION
control field 20211208235122.0
008 - FIXED-LENGTH DATA ELEMENTS--GENERAL INFORMATION
fixed length control field 140126s1957 nyua 001 0 eng
035 ## - SYSTEM CONTROL NUMBER
System control number (BD-RjUL)11440
System control number (OCoLC)968718
040 ## - CATALOGING SOURCE
Original cataloging agency DLC
Transcribing agency ONcM
Modifying agency OCoLC
-- DLC
-- BD-RjUL
Language of cataloging eng
041 ## - LANGUAGE CODE
Language code of text/sound track or separate title eng
082 ## - DEWEY DECIMAL CLASSIFICATION NUMBER
Classification number 552
Author mark and year PIR 1957
100 1# - MAIN ENTRY--PERSONAL NAME
Personal name Pirsson, Louis V.
Fuller form of name (Louis Valentine),
Dates associated with a name 1860-1919.
9 (RLIN) 35216
245 10 - TITLE STATEMENT
Title Rocks and rock minerals /
Statement of responsibility, etc. Louis V. Pirsson.
250 ## - EDITION STATEMENT
Edition statement 3d ed., rev.
260 ## - PUBLICATION, DISTRIBUTION, ETC. (IMPRINT)
Place of publication, distribution, etc. New York :
Name of publisher, distributor, etc. J. Wiley,
Date of publication, distribution, etc. 1955 ,c1957
300 ## - PHYSICAL DESCRIPTION
Pagination vii, 349 p. :
Illustrations illus. ;
Size 22 cm.
504 ## - BIBLIOGRAPHY, ETC. NOTE
Bibliography, etc Includes Index.
650 #0 - SUBJECT ADDED ENTRY--TOPICAL TERM
Topical term or geographic name as entry element Petrology.
9 (RLIN) 35217
700 1# - ADDED ENTRY--PERSONAL NAME
Personal name Knopf, Adolph,
Dates associated with a name 1882-
942 ## - ADDED ENTRY ELEMENTS (KOHA)
Source of classification or shelving scheme Dewey Decimal Classification
Koha item type Books
Holdings
Lost status Source of classification or shelving scheme Damaged status Not for loan Collection code Permanent Location Current Location Shelving location Date acquired Source of acquisition Cost, normal purchase price Total Checkouts Full call number Date last seen Copy number Koha item type
  Dewey Decimal Classification     Non-fiction Central Library, University of Rajshahi Central Library, University of Rajshahi   22/11/1991 Canada gift 0.00   552 PIR 1957 26/01/2014 C-2 Books
  Dewey Decimal Classification   Not For Loan Non-fiction Central Library, University of Rajshahi Central Library, University of Rajshahi Reading Room 22/11/1991 Canadian Govt     552 PIR 1969 12/12/2018 C-1 Books
  Dewey Decimal Classification     Non-fiction Central Library, University of Rajshahi Central Library, University of Rajshahi   06/06/1956 B.H. Blackwell 2.40   552 PIR 1955 06/01/2019 C-3 Books